|
|
|
|
| LEADER |
01352nam a2200337 a 4500 |
| 001 |
3683 |
| 003 |
BD-DhAAL |
| 005 |
20151004102555.0 |
| 008 |
151004s1994 mdua b 001 0 eng |
| 010 |
|
|
|a 94016780
|
| 020 |
|
|
|a 0697326829
|
| 020 |
|
|
|a 0847679454 (cloth : alk. paper)
|
| 020 |
|
|
|a 0847679462 (pbk. : alk. paper)
|
| 040 |
|
|
|a DLC
|c DLC
|d DLC
|d BD-DhAAL
|
| 050 |
0 |
0 |
|a E744
|b .B698 1994
|
| 082 |
0 |
0 |
|a 327.73
|2 20
|
| 100 |
1 |
|
|a Rourke, John T.
|9 15094
|
| 245 |
1 |
0 |
|a Making American foreign policy /
|c John T. Rourke, Ralph G. Carter and Mark A. Boyer
|
| 250 |
|
|
|a 2nd ed.
|
| 260 |
|
|
|a Lanham, Md. :
|a Madison :
|b Rowman & Littlefield,
|c c1996.
|
| 300 |
|
|
|a xxv, 410 p. :
|b ill. ;
|c 24 cm.
|
| 504 |
|
|
|a Includes bibliographical references (p. 231-243) and index.
|
| 541 |
|
|
|e 3683
|
| 610 |
1 |
0 |
|a United States.
|b Congress
|x History
|y 20th century.
|9 15095
|
| 650 |
|
0 |
|a Presidents
|z United States
|x History
|y 20th century.
|9 15096
|
| 651 |
|
0 |
|a United States
|x Foreign relations
|y 1945-1989.
|9 15097
|
| 651 |
|
0 |
|a United States
|x Foreign relations
|y 1989-
|9 15098
|
| 651 |
|
0 |
|a United States
|x Foreign relations administration.
|9 15099
|
| 942 |
|
|
|2 ddc
|c BK
|
| 999 |
|
|
|c 35677
|d 35677
|
| 952 |
|
|
|0 0
|1 0
|2 ddc
|4 0
|6 327_730000000000000_ROU
|7 0
|9 56102
|a SCL
|b SCL
|c GEN
|d 2015-10-04
|e Gift: The Asia Foundation
|l 0
|o 327.73 ROU
|p 3020003683
|r 2015-10-04
|t 1
|w 2015-10-04
|y BK
|